00347nam a22001097a 450000500170000000800410001704000130005808200210007124500910009226000430018330000110022620180802102455.0180802b ||||| |||| 00| 0 eng d cPK-LaUMT aR 302.2303bDIC- aDictionary and quick reference to media /cEdited by Mudassar H. Shah and Saima Kousar aFaisalabad :bMisaal Publishers,c2016 a382 p.